000
00295nam a22001337a 4500
008
180914b xxu||||| |||| 00| 0 eng d
020
_a
9780801883552
041
_a
eng
080
_2
4 ED
_a
330
100
_a
52
101
_a
ECO
245
_a
Urban Economics
_c
Sullivan.A.O
942
_2
udc
_c
BK
999
_c
47806
_d
47806